| 000 | 00809nam a22002537a 4500 | ||
|---|---|---|---|
| 003 | DO-SdBNP | ||
| 005 | 20211013083913.0 | ||
| 007 | ta | ||
| 008 | 210225b 2020 dr 00| 0 eng d | ||
| 020 | _a9798553045296 | ||
| 040 |
_aDO-SdBNP _bspa _cBNPHU |
||
| 082 | 4 |
_aBNPHU _bR173e |
|
| 100 | 1 |
_aRamírez, Joaquín Alberto _977913 |
|
| 245 | 1 | 3 |
_aEl mundo : _bde sólido a liquido / _cJoaquín Alberto Ramírez. |
| 260 |
_aSanto Domingo : _b[s. n.], _c2020. |
||
| 300 |
_a145 p. : _bil., retrs. ; _c28 cm. |
||
| 490 | 1 | _a Fortalecimiento institucional: | |
| 500 | _aIncluye referencias bibliográficas y notas al pie de las páginas. | ||
| 504 | _aBibliografía : p. 141-145 | ||
| 590 | _aInventariado, 2021 /LP | ||
| 830 | 0 |
_a Fortalecimiento institucional: _977918 |
|
| 910 | _aLopérez | ||
| 942 |
_2ddc _cLBS1 |
||
| 999 |
_c49448 _d49448 |
||